000 00569nam a2200181Ia 4500
008 090123s9999 xx 000 0 und d
082 _b19283
100 _aदेसाई गीता
245 _aआकाश गंगेवर संकट
250 _a1
260 _bमनोरमा प्रकाशन
_c1991
300 _a80
600 _aदेसाई गीता
630 _aआकाश गंगेवर संकट
700 _aदेसाई गीता
730 _aआकाश गंगेवर संकट
942 _cBOOK
999 _c57349
_d57349